书目信息 |
| 题名: |
移动地理信息系统技术
|
|
| 作者: | 郭明 , 周小平 著 | |
| 分册: | ||
| 出版信息: | 北京 中国建筑工业出版社 2016.09 |
|
| 页数: | 300页 | |
| 开本: | 26cm | |
| 丛书名: | ||
| 单 册: | ||
| 中图分类: | P208.2 | |
| 科图分类: | ||
| 主题词: | 地理信息系统--系统开发 | |
| 电子资源: | ||
| ISBN: | 978-7-112-19486-5 | |
| 000 | 01353nam0 2200253 450 | |
| 001 | 0100003901 | |
| 005 | 20191029102422.68 | |
| 010 | @a978-7-112-19486-5@dCNY58.00 | |
| 100 | @a20161008d2016 em y0chiy50 ea | |
| 101 | 0 | @achi |
| 102 | @aCN@b110000 | |
| 105 | @aak z 000yy | |
| 200 | 1 | @a移动地理信息系统技术@Ayi dong di li xin xi xi tong ji shu@dThe technology of mobile geographic information system@f郭明,周小平著@zeng |
| 210 | @a北京@c中国建筑工业出版社@d2016.09 | |
| 215 | @a300页@c图@d26cm | |
| 300 | @a国家自然科学基金项目(41301429 40871196 71601013) 北京市自然科学基金项目(8142014) 北京建筑大学学术著作出版基金资助出版 | |
| 330 | @a本书介绍了基于Andriod平台的移动地理信息的开发技术,并以移动地理信息系统的基本理论、移动传感器、开发环境、开发语言与开发实例的介绍为主线,在深入总结与剖析了移动地理信息系统相关技术的基础上,详细介绍了当代三维空间信息获取的方法手段及相关的原理、空间数据库及空间数据组织与管理的关键算法等内容,接下来重点介绍了JAVA语言的基础以及相关的开发环境、Andriod系统的简介及UI基本外形与控制、Andriod系统的界面设计以及传感器与控制技术等。 | |
| 510 | 1 | @aTechnology of mobile geographic information system@zeng |
| 606 | 0 | @a地理信息系统@x系统开发 |
| 690 | @aP208.2@v5 | |
| 701 | 0 | @a郭明@Aguo ming@4著 |
| 701 | 0 | @a周小平@Azhou xiao ping@4著 |
| 801 | 0 | @aCN@c20171024 |
| 905 | @a河南城建学院图书馆@dP208.2@eG812 | |
| 移动地理信息系统技术=The technology of mobile geographic information system/郭明,周小平著.-北京:中国建筑工业出版社,2016.09 |
| 300页:图;26cm |
| 国家自然科学基金项目(41301429 40871196 71601013) 北京市自然科学基金项目(8142014) 北京建筑大学学术著作出版基金资助出版 |
| ISBN 978-7-112-19486-5:CNY58.00 |
| 本书介绍了基于Andriod平台的移动地理信息的开发技术,并以移动地理信息系统的基本理论、移动传感器、开发环境、开发语言与开发实例的介绍为主线,在深入总结与剖析了移动地理信息系统相关技术的基础上,详细介绍了当代三维空间信息获取的方法手段及相关的原理、空间数据库及空间数据组织与管理的关键算法等内容,接下来重点介绍了JAVA语言的基础以及相关的开发环境、Andriod系统的简介及UI基本外形与控制、Andriod系统的界面设计以及传感器与控制技术等。 |
| ● |
| 相关链接 |
|
|
|
正题名:移动地理信息系统技术
索取号:P208.2/G812
 
预约/预借
| 序号 | 登录号 | 条形码 | 馆藏地/架位号 | 状态 | 备注 |
| 1 | 1244272 | 212442720 | 自科库401/401自科库 118排1列2层/ [索取号:P208.2/G812] | 在馆 | |
| 2 | 1338234 | 213382347 | 社科二线400B/400B社科库 3排1列1层/ [索取号:P208.2/G812] | 在馆 | |
| 3 | 1338235 | 213382356 | 社科二线400B/400B社科库 3排1列1层/ [索取号:P208.2/G812] | 在馆 | |
| 4 | 1455047 | 214550476 | 社科二线400B/400B社科库 3排1列1层/ [索取号:P208.2/G812] | 在馆 | |
| 5 | 1455048 | 214550485 | 社科二线400B/400B社科库 5排2列4层/ [索取号:P208.2/G812] | 在馆 | |
| 6 | 1455049 | 214550494 | 社科二线400B/400B社科库 5排2列4层/ [索取号:P208.2/G812] | 在馆 | |
| 7 | 1455050 | 214550500 | 自科库401/401自科库 118排1列2层/ [索取号:P208.2/G812] | 在馆 | |
| 8 | 1455051 | 214550519 | 社科二线400B/400B社科库 3排1列1层/ [索取号:P208.2/G812] | 在馆 |